UEFA Champions League Winners Map Quiz - Statistics

General Stats
  • This quiz has been taken 856 times
  • The average score is 15 of 20
Answers on the Map
Answers color-coded by a green-red scale on the quiz's map according to % correct below.
 
Answer Stats
Answer % Correct
Barcelona
90%
Marseille
87%
Real Madrid
87%
Steaua Bucuresti
85%
Benfica
82%
Internazionale
Milan
82%
Bayern Munich
80%
Chelsea
80%
Red Star Belgrade
80%
Celtic
75%
Liverpool
Manchester United
75%
Porto
72%
Hamburg
71%
Ajax
69%
Borussia Dortmund
69%
Juventus
69%
PSV Eindhoven
64%
Aston Villa
62%
Nottingham Forest
57%
Feyenoord
48%
No matching quizzes found
Score Distribution
Percent of People with Each Score
Percentile by Number Answered
Your Score History
You have not taken this quiz